| 000 | 00882nam a2200241 a 4500 | ||
|---|---|---|---|
| 001 | 000014116 | ||
| 005 | 20240412074240.0 | ||
| 008 | 091204s1970 dr 000 0 spa d | ||
| 040 |
_aDO-SdBNP _bspa _cBNPHU |
||
| 082 |
_aRD861.4208 _bM843d, 1970 |
||
| 245 | 0 | 0 |
_aDomingo Moreno Jimenes : _bantología / _cselección y prólogo Flerida de Nolasco. |
| 250 | _a3a. ed. | ||
| 260 |
_aSanto Domingo : _bLibreria Hispaniola, _c1970. |
||
| 300 |
_a187 p. ; _c20 cm. |
||
| 490 | 1 |
_aPensamiento dominicano _v3 |
|
| 590 | _aInventariado, 2018/VM | ||
| 600 | 1 | 4 |
_aMORENO JIMENES, DOMINGO, _d1894-1936 _xCRÍTICA E INTERPRETACIÓN _921057 |
| 650 | 4 |
_aPoesía dominicana _vCOLECCIONES _97120 |
|
| 650 | 0 |
_aLiteratura dominicana. _967 |
|
| 700 | 1 |
_aNolasco, Flérida de, _d1891-1976 _epról. _935151 |
|
| 830 | 0 |
_aPensamiento dominicano _v3 _919047 |
|
| 910 | _aValidado. Control de calidad MMOLINA | ||
| 999 |
_c13718 _d13718 |
||